000 00373 a2200145 4500
005 20250625130245.0
020 _a978-0-07-282087-4
082 _a425 LAN
100 _aLANGAN, J
245 _aSentence Skills: A workbook for Writers
250 _a7th Ed.
260 _aBoston
_bMcGraw-Hill Irwin
_c2004.
300 _axviii,598p.
_bAppendix, Index
_c22cm
942 _2ddc
_cBKS
999 _c5060
_d5060